School house bullies.

This tutorial guide provides detailed initial procedures for preparing educational staff to manage and minimise bullying in their schools.

Bibliographic Details
Format: Video
Language:English
Language Notes:Closed-captions in English.
Published: Thousand Oaks, California : Corwin Press, 2015.
Subjects:
Online Access:Connect to this streaming video

MARC

Tag First Indicator Second Indicator Subfields
LEADER 00000cgm a2200000 i 4500
001 in00003755313
005 20190412191607.0
006 m|||||o||c||||||||
007 vz |za|||
007 cr |za||||||||
008 150707s2015 cau||| f |o v|eng|d
020 |a 9781506317472 (streaming video) :  |c No price 
035 |a (StDuBDS)EDZ0001181165 
040 |a StDuBDS  |b eng  |e rda  |c StDuBDS  |e pn  |d UtOrBLW 
041 0 |j eng 
050 4 |a LB3013.3 
082 0 4 |a 371.58  |2 23 
245 0 0 |a School house bullies. 
264 1 |a Thousand Oaks, California :  |b Corwin Press,  |c 2015. 
300 |a 1 online resource (1 video file (2 hr., 2 min., 19 sec.)) :  |b sound, color 
336 |a two-dimensional moving image  |b tdi  |2 rdacontent 
337 |a computer  |b c  |2 rdamedia 
338 |a online resource  |b cr  |2 rdacarrier 
511 0 |a On-screen presenters, Judy Brunner, Dennis Lewis. 
520 8 |a This tutorial guide provides detailed initial procedures for preparing educational staff to manage and minimise bullying in their schools. 
521 |a Specialized. 
546 |a Closed-captions in English. 
588 |a Description based on online resource; title from home page (viewed on July 14, 2015). 
650 0 |a Bullying in schools.  |0 http://id.loc.gov/authorities/subjects/sh2002002209 
655 7 |a Nonfiction television programs.  |2 lcgft  |0 http://id.loc.gov/authorities/genreForms/gf2011026425 
655 7 |a Internet videos.  |2 lcgft  |0 http://id.loc.gov/authorities/genreForms/gf2011026337 
700 1 |a Brunner, Judy M.,  |e on-screen presenter.  |0 http://id.loc.gov/authorities/names/n2008032091 
700 1 |a Lewis, Dennis K.,  |e on-screen presenter.  |0 http://id.loc.gov/authorities/names/n2008032093 
856 4 0 |u http://proxy.library.tamu.edu/login?url=http://sk.sagepub.com/video/school-house-bullies  |z Connect to this streaming video  |t 0 
999 f f |s 9f1698ba-171f-33fd-8eb7-d03947c32301  |i 14068d3b-afdb-3eff-8fab-96b1b34d7f98  |t 0 
952 f f |a Texas A&M University  |b College Station  |c Electronic Resources  |d Available Online  |t 0  |e LB3013.3  |h Library of Congress classification 
998 f f |a LB3013.3  |t 0  |l Available Online